000 00825nam a2200253Ia 4500
003 OSt
005 20220918170832.0
006 a|||||r|||| 00| 0
007 ta
008 220917b |||||||| |||| 00| 0 eng d
020 _a9780691164823 (pbk)
_c1677.89
024 _a286,710
037 _b12490, 10/12/2015, Elite Publishers Distributors
_cTextual
040 _aARTS
_cARTS
_beng
041 _2eng
_aeng
082 _aWv1(Q7), Q5
100 _aBowering Gerhard Ed.
_931544
245 0 _aIslamic political thought
_b An introduction
260 _aPrinceton
_bPrincetion University Press U. S. A.
_c2015
300 _avi, 289p.
_ccm.
650 _aPOLITICAL SCIENCE
942 _hWv1(Q7), Q5
_cTEXL
_2CC
999 _c136106
_d136106